Thérèse e Isabelle /

Guardat en:
Dades bibliogràfiques
Autor principal: Leduc, Violette (Autor)
Altres autors: Cimenti, Laura, Jansiti, Carlo, Spatola, Adriano
Format: Llibre
Idioma:italià
Publicat: Milano : Baldini & Castoldi, \2002!
Col·lecció:Romanzi e racconti ; 230
Etiquetes: Afegir etiqueta
Sense etiquetes, Sigues el primer a etiquetar aquest registre!

MARC

LEADER 00000nam a2200000 i 4500
001 IT\ICCU\RAV\0911814
003 ItRI
005 20260115231942.0
008 020723s2002 it |||||| ||||| |||||c
015 |2 IT  |a 2002-10941 
020 |a 8884901375 
040 |b ita  |c importazione bologna sebina 
041 7 |a ita  |2 ISO-639-2 
082 |a 843.914  |9 NARRATIVA FRANCESE, 1945-1999  |2 21 
100 1 |a Leduc, Violette  |0 IT\ICCU\CFIV\108528  |4 aut 
240 1 0 |a Thérèse et Isabelle.  |3 IT\ICCU\SBL\0104370  |9 Leduc, Violette 
245 1 0 |a Thérèse e Isabelle /  |c Violette Leduc ; postfazione e note di Carlo Jansiti ; traduzione di Adriano Spatola e Laura Cimenti. 
260 |a Milano :  |b Baldini & Castoldi,  |c \2002! 
300 |a 125 p. ;  |c 21 cm 
500 |a In cop.: Per la prima volta in edizione integrale. 
700 1 |a Cimenti, Laura  |0 IT\ICCU\RAVV\293260 
700 1 |a Jansiti, Carlo  |0 IT\ICCU\TO0V\394631 
700 1 |a Spatola, Adriano  |0 IT\ICCU\CFIV\079799 
830 0 |a Romanzi e racconti ;  |v 230  |0 IT\ICCU\RAV\0187056 
942 |2 ddc  |c BK  |n 0 
952 |0 0  |1 0  |4 0  |6 L_843_914000000000000_LED  |7 0  |9 17708  |a BO  |b BO  |d 2026-01-15  |i 6482  |l 0  |o L 843.914 LED  |p BO6482  |r 2026-01-15 23:19:42  |w 2026-01-15  |x [Sebina 5] [1 v.]  |y BK  |z 1 v. 
999 |c 15075  |d 15075